00682nam a22002057a 4500003000900000005001700009007000300026008004100029020001800070040002500088082001400113100002900127245008800156250001200244260004700256300003700303500007600340504003000416700003000446DO-SdBNP20240308073620.0ta130612s2013 dr a 000 0 spa d a9789945007527 aDO-SdBNPbspacBNPHU 4bS787v2221 aStanley, Avelino,d1959-10aValores en Juan Pablo Duarte /cAvelino Stanley ; ilustraciones Hampton Rodríguez a2a. ed. aSanto Domingo :bBúho,bSantuarioc2013. a95 p. :bilustraciones ;c22 cm. aIncluye datos biográficos del autor e ilustrador en las paginas 90-91 aBibliografía : p. 81-841 aRodríguez, Hamptoneil.